Structural dynamic systems computational techniques and optimization. Finite element analysis (FEA) techniques /

Bibliographic Details
Corporate Author: Taylor & Francis
Other Authors: Leondes, Cornelius T.
Format: eBook
Language:English
Published: Amsterdam : Gordon and Breach, ©1998.
Series:Gordon and Breach international series in engineering, technology, and applied science, v. 8
Subjects:
Online Access:Connect to the full text of this electronic book

MARC

Tag First Indicator Second Indicator Subfields
LEADER 00000cam a2200000Ma 4500
001 in00004580945
006 m o d
007 cr |n|||||||||
008 210904s1998 ne a ob 000 0 eng d
005 20220613175749.1
035 |a (FlBoTFG)9780203738108 
040 |a OCoLC-P  |b eng  |c OCoLC-P 
020 |a 9780203738108  |q (electronic bk.) 
020 |a 0203738101  |q (electronic bk.) 
020 |z 9056996436 
020 |z 9789056996437 
035 |a (OCoLC)1266895896 
035 |a (OCoLC-P)1266895896 
050 4 |a TA347.F5 
082 0 4 |a 624.17/0151535  |2 21 
245 0 0 |a Structural dynamic systems computational techniques and optimization.  |p Finite element analysis (FEA) techniques /  |c edited by Cornelius T. Leondes. 
260 |a Amsterdam :  |b Gordon and Breach,  |c ©1998. 
300 |a 1 online resource. 
336 |a text  |b txt  |2 rdacontent 
337 |a computer  |b c  |2 rdamedia 
338 |a online resource  |b cr  |2 rdacarrier 
490 1 |a Gordon and Breach international series in engineering, technology, and applied science,  |x 1026-0277 ;  |v v. 8 
588 |a OCLC-licensed vendor bibliographic record. 
650 0 |a Finite element method. 
650 0 |a Structural dynamics  |x Mathematics. 
650 0 |a Structural analysis (Engineering)  |x Mathematics. 
655 7 |a Electronic books.  |2 local 
700 1 |a Leondes, Cornelius T. 
710 1 |a Taylor & Francis. 
730 0 |a MATHnetBASE. 
856 4 0 |u http://proxy.library.tamu.edu/login?url=https://www.taylorfrancis.com/books/9780203738108  |z Connect to the full text of this electronic book  |t 0 
999 f f |s 1e5fd02b-461e-44f1-8ae8-fe426f2f94a9  |i 1e5fd02b-461e-44f1-8ae8-fe426f2f94a9  |t 0 
952 f f |a Texas A&M University  |b College Station  |c Electronic Resources  |d Available Online  |t 0  |e TA347.F5   |h Library of Congress classification 
998 f f |a TA347.F5   |t 0  |l Available Online